000 00351nam a2200145Ia 4500
008 180910s9999 xx 000 0 und d
100 _aGoing Places.
245 _aGoing places /
245 _cGoing Places.
260 _bManila bulletin publishing
260 _c2018
300 _a71 pages.
440 _aGoing places
_v2 : 4
650 _aTravel.
999 _c358717
_d358717